000 00495nam a2200145 a 4500
001 000027114
005 20200930030618.0
008 110329s1945 dr 000 0 spa d
040 _aDO-SdBNP
_bspa
_cBNPHU
110 2 _aRepública Dominicana
_9447
245 1 0 _aMemoria de la Secretaría de Estado de Guerra y Marina :
_bcorrespondiente al año 1943 /.
260 _aCiudad Trujillo, República Dominicana :
_bEditora Luis Sánchez Andujar,
_c1945.
300 _a453 P. ;
_c24 cm.
049 _aBNPD
999 _c26606
_d26606